The nation's voice, towards consolidation : (Record no. 549809)

000 -LEADER
fixed length control field 00860cam a2200205 a 4500
020 ## - INTERNATIONAL STANDARD BOOK NUMBER
International Standard Book Number 9694130573 :
020 ## - INTERNATIONAL STANDARD BOOK NUMBER
International Standard Book Number 9694130700 (v. 7)
020 ## - INTERNATIONAL STANDARD BOOK NUMBER
International Standard Book Number 9694780004 :
082 ## - DEWEY DECIMAL CLASSIFICATION NUMBER
Classification number 954.91
Author Mark WAH
-- L-40, P-61
100 1# - MAIN ENTRY--PERSONAL NAME
Personal name Jinnah, Mohammad Ali,
9 (RLIN) 46472
245 14 - TITLE STATEMENT
Title The nation's voice, towards consolidation :
Remainder of title speeches and statements /
Statement of responsibility, etc. Quaid-i-Azam Mohammad Ali Jinnah ; edited by Waheed Ahmad.
260 ## - PUBLICATION, DISTRIBUTION, ETC.
Place of publication, distribution, etc. Karachi, Pakistan :
Name of publisher, distributor, etc. Quaid-i-Azam Academy,
Date of publication, distribution, etc. 1992-<2003>
300 ## - PHYSICAL DESCRIPTION
Extent v. <1-3, 7> ;
Dimensions 22 cm.
500 ## - GENERAL NOTE
General note Vol. 7 has title: The nation's voice
505 1# - FORMATTED CONTENTS NOTE
Formatted contents note [v. 1] March 1935-March 1940 -- v. 2. United we win -- v. 3. Unity, faith, and discipline -- v. 7. Launching the state and the end of the journey
526 ## - STUDY PROGRAM INFORMATION NOTE
Program name 0
Interest level 0
Reading level 0
Title point value 954_910000000000000_WAH
650 #0 - SUBJECT ADDED ENTRY--TOPICAL TERM
Topical term or geographic name entry element Pakistan movement.
9 (RLIN) 203
700 1# - ADDED ENTRY--PERSONAL NAME
Personal name Ahmad, Waheed.
9 (RLIN) 46473
942 ## - ADDED ENTRY ELEMENTS (KOHA)
Source of classification or shelving scheme
Koha item type Book
Holdings
Withdrawn status Lost status Source of classification or shelving scheme Damaged status Not for loan Permanent Location Current Location Date acquired Total Checkouts Full call number Barcode Date last seen Copy number Price effective from Koha item type
          Military College of Engineering (MCE) Military College of Engineering (MCE) 10/15/2014   954.91 WAH MCE-34996 10/15/2014 Vol-1 10/15/2014 Book
© 2023 Central Library, National University of Sciences and Technology. All Rights Reserved.